1564 1724 1507 1515 1725 1629 1736 1748 1314 1320 1760 1675 1624 1538 1602 1158 1442 1527 1929 1475 1114 1992 1425 1554 1405 1761 1671 1860 1518 1866 1140 1286 1907 1532 1857 1489 1110 1821 1218 1276 1248 1789 1473 1213 1045 1111 1103 1769 1210 1847 1308 1037 1815 1956 1233 1658 1267 1401 1095 1732 1694 1327 1240 1809 1396 1518 1990 1123 1414 1838 1309 1128 1942 1317 1143 1177 1893 1635 1600 1585 1098 1701 1659 1894 1903 1720 1227 1789 1378 1205 1155 1359 1889 1181 1438 1485 1870 1625 1010 BCNSPRNW ULIB Ver.6.0+V

เปลี่ยนเป็นภาษาไทย

Change to English
 แสดงรายละเอียดบรรณานุกรม
  กลับหน้าหลัก

Brief Record : Get Marc (ISO 2709) : E-mail record : QR code < ปิดหน้าต่าง
LEADER : 00000nam 2200000uu 4500
001    13399129061
003     ULIB
008    250528s2567||||th 000 0 tha d
020 ^^ ^a9786168012376
060 ^^ ^aWY85^bอ437ค
100 ^^ ^aอรัญญา เชาวลิต
245 ^^ ^aคู่มือส่งเสริมจริยธรรมสำหรับองค์การพยาบาล :^bกลไกและการปฏิบัติ /^c[บรรณาธิการ, อรัญญา เชาวลิต, ศิริพร ขัมภลิขิต, สุรีพร ธนศิลป์, ทัศนีย์ นะแส, กนกวรรณ สุวรรณปฏิกรณ์]
250 ^^ ^aพิมพ์ครั้งที่ 1, (ฉบับปรับปรุงครั้งที่ 2)
260 ^^ ^aนนทบุรี :^bสภาการพยาบาล, ^c2567
300 ^^ ^aญ, 307 หน้า :^bตาราง ;^c21 ซม.
505 ^^ ^aสารบัญ: บทบาทองค์การพยาบาลในการพัฒนาระบบและกลไกจริยธรรมทางการพยาบาล - - ผู้บริหารกับการส่งเสริมจริยธรรมในองค์การพยาบาล - - แนวปฏิบัติทางจริยธรรมในการพยาบาล - - การตัดสินใจเชิงจริยธรรม - - จริยธรรมและกฎหมาย
590 ^^ ^aอรัญญา เชาวลิต, ศิริพร ขัมภลิขิต, สุรีพร ธนศิลป์, ทัศนีย์ นะแส, และกนกวรรณ สุวรรณปฏิกรณ์ (บรรณาธิการ). (2567). ^bคู่มือส่งเสริมจริยธรรมสำหรับองค์การพยาบาล: กลไกและการปฏิบัติ. ^dสภาการพยาบาล.
591 ^^ ^aอรัญญา เชาวลิต, ศิริพร ขัมภลิขิต, สุรีพร ธนศิลป์, ทัศนีย์ นะแส, กนกวรรณ สุวรรณปฏิกรณ์, บรรณาธิการ. คู่มือส่งเสริมจริยธรรมสำหรับองค์การพยาบาล: กลไกและการปฏิบัติ. นนทบุรี: สภาการพยาบาล; 2567.
650 ^^ ^aจริยธรรม ^xแง่การพยาบาล
690 ^^ ^aสาขาวิชากฎหมายและจรรยาบรรณวิชาชีพพยาบาล
700 ^^ ^aศิริพร ขัมภลิขิต
700 ^^ ^aสุรีพร ธนศิลป์
700 ^^ ^aทัศนีย์ นะแส
700 ^^ ^aกนกวรรณ สุวรรณปฏิกรณ์
710 ^^ ^aสภาการพยาบาล
945    ^p300^l0^i011745
945    ^p300^l0^i011749
945    ^p300^l0^i011750
945    ^p300^l0^i011751
945    ^p300^l0^i011752
945    ^p300^l0^i011753
945    ^p300^l0^i011754
945    ^p300^l0^i011755
945    ^p300^l0^i011756
945    ^p300^l0^i011758
945    ^p300^l0^i011763
945    ^p300^l0^i011764
945    ^p300^l0^i011765
945    ^p300^l0^i011766
945    ^p300^l0^i011767
945    ^p300^l0^i011768
945    ^p300^l0^i011769
945    ^p300^l0^i011901
945    ^p300^l0^i011902
999    ^aประนอม เกษจรัล
รายการนี้ยังไม่มีแท็ก
คุณยังไม่ได้ล็อกอิน คุณสามารถมีกิจกรรมร่วมกับเว็บไซต์ได้ แต่ต้องล็อกอินก่อน ::
  ล็อกอิน

รายการสื่อสารสนเทศ

ลำดับที่ ประเภท เลขเรียก/บาร์โค้ด สถานที่ สถานะ
1. Book การพยาบาล
หนังสือสำรอง
สถานะ=หนังสือสำรอง
WY85 อ437ค ฉ.1 
  Barcode: 011745
ห้องสมุดวิทยาเขตสวรรค์ประชารักษ์
►หนังสือทั่วไป
บนชั้น
2. Book การพยาบาล
Book การพยาบาล
WY85 อ437ค ฉ.10 
  Barcode: 011758
ห้องสมุดวิทยาเขตสวรรค์ประชารักษ์
►หนังสือทั่วไป
บนชั้น
3. Book การพยาบาล
Book การพยาบาล
WY85 อ437ค ฉ.11 
  Barcode: 011763
ห้องสมุดวิทยาเขตสวรรค์ประชารักษ์
►หนังสือทั่วไป
บนชั้น
4. Book การพยาบาล
Book การพยาบาล
WY85 อ437ค ฉ.12 
  Barcode: 011764
ห้องสมุดวิทยาเขตสวรรค์ประชารักษ์
►หนังสือทั่วไป
บนชั้น
5. Book การพยาบาล
Book การพยาบาล
WY85 อ437ค ฉ.13 
  Barcode: 011765
ห้องสมุดวิทยาเขตสวรรค์ประชารักษ์
►หนังสือทั่วไป
บนชั้น
6. Book การพยาบาล
Book การพยาบาล
WY85 อ437ค ฉ.14 
  Barcode: 011766
ห้องสมุดวิทยาเขตสวรรค์ประชารักษ์
►หนังสือทั่วไป
บนชั้น
7. Book การพยาบาล
Book การพยาบาล
WY85 อ437ค ฉ.15 
  Barcode: 011767
ห้องสมุดวิทยาเขตสวรรค์ประชารักษ์
►หนังสือทั่วไป
บนชั้น
8. Book การพยาบาล
Book การพยาบาล
WY85 อ437ค ฉ.16 
  Barcode: 011768
ห้องสมุดวิทยาเขตสวรรค์ประชารักษ์
►หนังสือทั่วไป
บนชั้น
9. Book การพยาบาล
Book การพยาบาล
WY85 อ437ค ฉ.17 
  Barcode: 011769
ห้องสมุดวิทยาเขตสวรรค์ประชารักษ์
►หนังสือทั่วไป
บนชั้น
10. Book การพยาบาล
Book การพยาบาล
WY85 อ437ค ฉ.18 
  Barcode: 011901
ห้องสมุดวิทยาเขตสวรรค์ประชารักษ์
►หนังสือทั่วไป
บนชั้น
11. Book การพยาบาล
Book การพยาบาล
WY85 อ437ค ฉ.19 
  Barcode: 011902
ห้องสมุดวิทยาเขตสวรรค์ประชารักษ์
►หนังสือทั่วไป
บนชั้น
12. Book การพยาบาล
Book การพยาบาล
WY85 อ437ค ฉ.2 
  Barcode: 011749
ห้องสมุดวิทยาเขตสวรรค์ประชารักษ์
►หนังสือทั่วไป
บนชั้น
13. Book การพยาบาล
Book การพยาบาล
WY85 อ437ค ฉ.3 
  Barcode: 011750
ห้องสมุดวิทยาเขตสวรรค์ประชารักษ์
►หนังสือทั่วไป
บนชั้น
14. Book การพยาบาล
Book การพยาบาล
WY85 อ437ค ฉ.4 
  Barcode: 011751
ห้องสมุดวิทยาเขตสวรรค์ประชารักษ์
►หนังสือทั่วไป
บนชั้น
15. Book การพยาบาล
Book การพยาบาล
WY85 อ437ค ฉ.5 
  Barcode: 011752
ห้องสมุดวิทยาเขตสวรรค์ประชารักษ์
►หนังสือทั่วไป
บนชั้น
16. Book การพยาบาล
Book การพยาบาล
WY85 อ437ค ฉ.6 
  Barcode: 011753
ห้องสมุดวิทยาเขตสวรรค์ประชารักษ์
►หนังสือทั่วไป
บนชั้น
17. Book การพยาบาล
Book การพยาบาล
WY85 อ437ค ฉ.7 
  Barcode: 011754
ห้องสมุดวิทยาเขตสวรรค์ประชารักษ์
►หนังสือทั่วไป
บนชั้น
18. Book การพยาบาล
Book การพยาบาล
WY85 อ437ค ฉ.8 
  Barcode: 011755
ห้องสมุดวิทยาเขตสวรรค์ประชารักษ์
►หนังสือทั่วไป
บนชั้น
19. Book การพยาบาล
Book การพยาบาล
WY85 อ437ค ฉ.9 
  Barcode: 011756
ห้องสมุดวิทยาเขตสวรรค์ประชารักษ์
►หนังสือทั่วไป
บนชั้น

BibComment


ยังไม่เคยถูกคอมเมนท์

คอมเมนท์ทรัพยากรรายการนี้
  คอมเมนท์: คู่มือส่งเสริมจร..


 Copyright 2026. Bcnsprnw @Library